Electronic calculators : Casio's creativity gets wider and wider

Shranjeno v:
Bibliografske podrobnosti
Format: Knjiga
Jezik:Undetermined
Izdano: Tokyo Casio 1992
Teme:
Oznake: Označite
Brez oznak, prvi označite!
Thư viện lưu trữ: Trung tâm Học liệu Trường Đại học Cần Thơ
LEADER 00438nam a2200169Ia 4500
001 CTU_98595
008 210402s9999 xx 000 0 und d
082 |a 681.14 
082 |b E38 
245 0 |a Electronic calculators : 
245 0 |b Casio's creativity gets wider and wider 
260 |a Tokyo 
260 |b Casio 
260 |c 1992 
650 |a Calculators 
904 |i Truc 
980 |a Trung tâm Học liệu Trường Đại học Cần Thơ